00502 2200181 4500001002100000005001500021035002000036008004100056245008100097100001800178260002700196300002900223020002200252084001400274082000800288990001200296990001200308INLIS00000000000146320251007091833 a0010-1024000016251007 0 1 aThe Power Of Spirituality : Meraih Sukses Tanpa Batas /cDr. N. Faqih Syarif aSyarif, Faqih aJakarta :bEmir,c2015 a128 hlm. ;c14,5 x 21 cm a978-602-0935-18-8 a100 SYA t a100 a0753722 a0753723